000 00740nam a2200265Ia 4500
003 OSt
005 20220918163457.0
006 a|||||r|||| 00| 0
007 ta
008 220917b |||||||| |||| 00| 0 eng d
020 _a0041490207
024 _a3,131
037 _cTextual
040 _aARTS
_cARTS
_beng
041 _2eng
_aeng
082 _aA:36:(S), L1
100 _aNaranjo Claudio
_913359
245 0 _aOn the psychology of meditation
260 _aLondon
_bGeorge Allen and Unwin
_c1972
300 _a248p,iilus Bibliography
_ccm.
650 _aMEDITATION; SCIENCE
_913360
700 _a Ornstein R.
_913361
942 _hA:36:(S), L1
_cTEXL
_2CC
999 _c119775
_d119775